Hedge funds and systemic risk (Record no. 59900)
[ view plain ]
| 000 -LEADER | |
|---|---|
| fixed length control field | 01466nam a2200385Ia 4500 |
| 100 1# - MAIN ENTRY--AUTHOR NAME | |
| Personal name | Dixon, Lloyd S. |
| 245 10 - TITLE STATEMENT | |
| Title | Hedge funds and systemic risk |
| 260 ## - PUBLICATION, DISTRIBUTION, ETC. (IMPRINT) | |
| Place of publication | Santa Monica, Calif. : |
| Name of publisher | RAND Corporation, |
| Year of publication | 2012. |
| 300 ## - PHYSICAL DESCRIPTION | |
| Number of Pages | xxx, 115 p. : |
| Other physical details | col. ill. |
| 490 1# - SERIES STATEMENT | |
| Series statement | Rand Corporation monograph series |
| 500 ## - GENERAL NOTE | |
| General note | "MG-1236-CCEG"--P. 4 of cover. |
| 650 #0 - SUBJECT ADDED ENTRY--TOPICAL TERM | |
| Topical Term | Hedge funds |
| Topical Term | Mutual funds |
| 700 1# - ADDED ENTRY--PERSONAL NAME | |
| Personal name | Clancy, Noreen. |
| Personal name | Kumar, Krishna B. |
| 856 40 - ELECTRONIC LOCATION AND ACCESS | |
| Uniform Resource Identifier | http://site.ebrary.com/lib/rucke/Doc?id=10678746 |
No items available.
